书目信息 |
| 题名: |
唐诗 1
|
|
| 作者: | 张亚新选释 | |
| 分册: | ||
| 出版信息: | 北京 中国国际广播出版社 1995.09 |
|
| 页数: | 共三册 | |
| 开本: | 32开 | |
| 丛书名: | ||
| 单 册: | ||
| 中图分类: | I222.742 | |
| 科图分类: | ||
| 主题词: | 诗歌--中国 , 韵文--中国 | |
| 电子资源: | ||
| ISBN: | 7-5078-1285-5 | |
| 000 | 00560nam0 2200205 45 | |
| 001 | 0008031095 | |
| 005 | 20000803104336.3 | |
| 010 | @a7-5078-1285-5@d40.00元 | |
| 100 | @a20000803d1995 km y0chiy0120 ea | |
| 101 | 0 | @achi |
| 105 | @a z 000yy | |
| 200 | 1 | @a唐诗 1@ATang Shi 1@f张亚新选释@FZhang Ya Xin Xuan Shi |
| 210 | @a北京@c中国国际广播出版社@d1995.09 | |
| 215 | @a共三册@d32开 | |
| 606 | 0 | @a诗歌@x中国 |
| 606 | 0 | @a韵文@x中国 |
| 690 | @aI222.742@v3 | |
| 701 | 0 | @a张亚新选释 |
| 801 | @aCN@bPftUser@c20000803 | |
| 905 | @dI222.742@eZH903:1@b85028@f1 | |
| 唐诗 1/张亚新选释.-北京:中国国际广播出版社,1995.09 |
| 共三册;32开 |
| ISBN 7-5078-1285-5:40.00元 |
| ● |
| 相关链接 |
|
|
|
正题名:唐诗1
索取号:I222.742/ZH903:1
 
预约/预借
| 序号 | 登录号 | 条形码 | 馆藏地/架位号 | 状态 | 备注 |
| 1 | 85028 | 200850285 | 文学库108/ [索取号:I222.742/ZH903:1] | 在馆 |